[Event "Paignton op"]
[Site "Paignton"]
[Date "2019.09.05"]
[Round "7"]
[White "Crickmore, Neil EG"]
[Black "Villiers, Thomas"]
[Result "1/2-1/2"]
[WhiteElo "2187"]
[BlackElo "2218"]
[PlyCount "63"]
[EventDate "2019.08.31"]
[EventType "swiss"]
[EventRounds "9"]
[EventCountry "ENG"]
[SourceTitle "EXT 2020"]
[Source "ChessBase"]
[SourceDate "2019.10.17"]
[SourceVersion "1"]
[SourceVersionDate "2019.10.17"]
[SourceQuality "1"]

1. d4 Nf6 2. c4 e6 3. g3 c5 4. Nf3 cxd4 5. Nxd4 Qb6 6. Bg2 Nc6 7. Nb3 Qb4+ 8. N1d2 d5 9. cxd5 exd5 10. 0-0 Be7 11. Nf3 Bf5 12. Nfd4 Be4 13. Bxe4 Nxe4 14. Nf5 Bf8 15. f3 Nc5 16. Bd2 Qa4 17. Bc3 Ne6 18. Qxd5 Rd8 19. Qe4 Qxe4 20. fxe4 f6 21. Rad1 Be7 22. Rxd8+ Bxd8 23. Kg2 Bc7 24. Rd1 0-0 25. Rd7 Rd8 26. Ne7+ Kf7 27. Rxd8 Nexd8 28. Nd5 Be5 29. Nc5 b6 30. Nd3 Bxc3 31. Nxc3 Ne5 32. Nb5 1/2-1/2

[Event "Paignton op"]
[Site "Paignton"]
[Date "2019.09.02"]
[Round "4"]
[White "Arkell, Keith C"]
[Black "Crickmore, Neil EG"]
[Result "1-0"]
[WhiteElo "2445"]
[BlackElo "2187"]
[PlyCount "79"]
[EventDate "2019.08.31"]
[EventType "swiss"]
[EventRounds "9"]
[EventCountry "ENG"]
[SourceTitle "EXT 2020"]
[Source "ChessBase"]
[SourceDate "2019.10.17"]
[SourceVersion "1"]
[SourceVersionDate "2019.10.17"]
[SourceQuality "1"]

1. Nf3 c5 2. c4 Nc6 3. Nc3 g6 4. g3 Bg7 5. Bg2 e6 6. 0-0 Nge7 7. d3 0-0 8. Bf4 d5 9. cxd5 Nxd5 10. Nxd5 exd5 11. Qc1 b6 12. Bh6 Bb7 13. Bxg7 Kxg7 14. e3 Rc8 15. a3 Qf6 16. Qd2 d4 17. e4 Rfd8 18. b4 cxb4 19. axb4 a5 20. bxa5 bxa5 21. Rfb1 Rb8 22. Rb6 Ba8 23. Rab1 Rxb6 24. Rxb6 Qe7 25. Qc1 Qd7 26. Qc5 Qd6 27. Qxd6 Rxd6 28. Nd2 Rd8 29. Nc4 Nb4 30. Bf1 Nc6 31. Be2 Rb8 32. Rxb8 Nxb8 33. Nxa5 Nc6 34. Nb3 g5 35. f4 f6 36. Kf2 Kf7 37. Bg4 Ke7 38. Bc8 Kd6 39. Ba6 Nb4 40. Bc4 1-0

[Event "Paignton op"]
[Site "Paignton"]
[Date "2019.09.01"]
[Round "2"]
[White "Crickmore, Neil EG"]
[Black "Fleri, Matthew"]
[Result "1-0"]
[WhiteElo "2187"]
[BlackElo "1793"]
[PlyCount "100"]
[EventDate "2019.08.31"]
[EventType "swiss"]
[EventRounds "9"]
[EventCountry "ENG"]
[SourceTitle "EXT 2020"]
[Source "ChessBase"]
[SourceDate "2019.10.17"]
[SourceVersion "1"]
[SourceVersionDate "2019.10.17"]
[SourceQuality "1"]

1. d4 d5 2. c4 e6 3. Nf3 Nf6 4. g3 Be7 5. Bg2 0-0 6. 0-0 b6 7. Ne5 Bb7 8. Qa4 Nfd7 9. Nc3 Nxe5 10. dxe5 Bc6 11. Qb3 dxc4 12. Qxc4 Bxg2 13. Kxg2 Qd7 14. Bf4 Qc6+ 15. Qe4 Qxe4+ 16. Nxe4 Nd7 17. Rac1 Nc5 18. Nc3 a5 19. Be3 Nd7 20. f4 Bc5 21. Kf3 Bxe3 22. Kxe3 Nc5 23. Nb5 c6 24. Nd6 Rfd8 25. Nc4 Rab8 26. b3 Na6 27. Rfd1 Rd5 28. Kf3 Nb4 29. a3 Na2 30. Ra1 Nc3 31. Rd3 Rxd3+ 32. exd3 Nd5 33. d4 Ra8 34. Rc1 Rc8 35. g4 g6 36. Ke4 Kf8 37. f5 Ke7 38. Nd6 Rc7 39. fxg6 hxg6 40. g5 Kf8 41. Rf1 a4 42. b4 Nc3+ 43. Kd3 Nb5 44. Nxb5 cxb5 45. d5 exd5 46. Rf6 Rc1 47. e6 Rc7 48. Kd4 Ke8 49. exf7+ Kf8 50. Rxg6 Rxf7 1-0

[Event "GBR-ch 106th"]
[Site "Torquay"]
[Date "2019.08.03"]
[Round "8"]
[White "Crickmore, Neil EG"]
[Black "Ashton, Adam"]
[Result "0-1"]
[WhiteElo "2187"]
[BlackElo "2323"]
[PlyCount "61"]
[EventDate "2019.07.27"]
[EventType "swiss"]
[EventRounds "9"]
[EventCountry "ENG"]
[SourceTitle "CBM 191 Extra"]
[Source "ChessBase"]
[SourceDate "2019.09.30"]
[SourceVersion "1"]
[SourceVersionDate "2019.09.30"]
[SourceQuality "1"]

1. d4 d5 2. c4 e6 3. Nf3 Nf6 4. g3 dxc4 5. Bg2 a6 6. 0-0 Nc6 7. Nc3 Rb8 8. e4 Be7 9. d5 Nb4 10. Ne5 exd5 11. exd5 Bf5 12. Qf3 Bd3 13. Nxd3 Nxd3 14. b3 Nxc1 15. Raxc1 cxb3 16. axb3 0-0 17. Ne2 Bd6 18. Nd4 g6 19. Rfe1 Kg7 20. Qc3 Qd7 21. f4 Rfe8 22. Nf3 Rxe1+ 23. Rxe1 Re8 24. Rxe8 Qxe8 25. Ne5 Qb5 26. Nd3 Qb6+ 27. Kh1 Qe3 28. Bf1 h5 29. Qb2 h4 30. Qe2 Qd4 31. Bg2 0-1

[Event "Dieren op"]
[Site "Dieren"]
[Date "2005.08.03"]
[Round "8"]
[White "Crickmore, Neil EG"]
[Black "Van Geffen, Ben"]
[Result "1/2-1/2"]
[WhiteElo "2129"]
[BlackElo "2146"]
[PlyCount "113"]
[EventDate "2005.07.26"]
[EventType "swiss"]
[EventRounds "9"]
[EventCountry "NED"]
[SourceTitle "CBM 107 Extra"]
[Source "ChessBase"]
[SourceDate "2005.09.01"]
[SourceVersion "1"]
[SourceVersionDate "2005.09.01"]
[SourceQuality "1"]

1. d4 c5 2. d5 e6 3. c4 exd5 4. cxd5 d6 5. Nc3 g6 6. e4 Bg7 7. f4 Ne7 8. Bb5+ Bd7 9. Be2 0-0 10. Nf3 Bg4 11. 0-0 a6 12. a4 Nd7 13. Re1 Bxf3 14. Bxf3 Rb8 15. Qe2 f5 16. Bd2 Re8 17. g4 fxg4 18. Bxg4 Nf5 19. Qg2 Nd4 20. Be3 Nf6 21. Bh3 Nh5 22. Kh1 Qh4 23. Bg4 Nf6 24. Bf3 Re7 25. Bxd4 cxd4 26. Ne2 Nd7 27. Qg3 Qf6 28. Rad1 Nc5 29. Nxd4 Rbe8 30. Ne6 Nxe6 31. dxe6 Qxb2 32. Rxd6 Qb4 33. Red1 Qxa4 34. e5 Bh6 35. R6d4 Qc2 36. Be4 Qe2 37. Bf3 Qe3 38. Bg2 Qxg3 39. hxg3 b5 40. Bc6 Rc8 41. Rd8+ Rxd8 42. Rxd8+ Bf8 43. Bd7 h5 44. Ra8 Rh7 45. Rxa6 b4 46. Ra8 Kg7 47. Be8 Bc5 48. Bf7 Bf8 49. Bxg6 Kxg6 50. Rxf8 Rb7 51. e7 Rxe7 52. Rb8 Kf5 53. Rxb4 Kg4 54. Re4 Kf3 55. Re1 h4 56. gxh4 Kxf4 57. e6 1/2-1/2

[Event "Dieren op"]
[Site "Dieren"]
[Date "2005.07.26"]
[Round "1"]
[White "Ondersteijn, Niels"]
[Black "Crickmore, Neil EG"]
[Result "1/2-1/2"]
[WhiteElo "2278"]
[BlackElo "2129"]
[PlyCount "88"]
[EventDate "2005.07.26"]
[EventType "swiss"]
[EventRounds "9"]
[EventCountry "NED"]
[SourceTitle "CBM 107 Extra"]
[Source "ChessBase"]
[SourceDate "2005.09.01"]
[SourceVersion "1"]
[SourceVersionDate "2005.09.01"]
[SourceQuality "1"]

1. e4 e6 2. d4 d5 3. Nc3 Bb4 4. e5 c5 5. a3 Bxc3+ 6. bxc3 Qc7 7. Qg4 f5 8. Qh5+ g6 9. Qd1 Bd7 10. Nf3 cxd4 11. cxd4 Ba4 12. Bd3 Qc3+ 13. Bd2 Qxd3 14. cxd3 Bxd1 15. Kxd1 h6 16. Rb1 Rh7 17. Rg1 Rf7 18. Ke2 Nc6 19. h4 0-0-0 20. Rh1 Rc7 21. Rb2 Rf8 22. g3 Kb8 23. a4 Rfc8 24. Rhb1 Ka8 25. Rb5 Nd8 26. Be3 Rc2+ 27. Bd2 Ra2 28. a5 Rc7 29. Ke1 Nc6 30. Rc1 Kb8 31. Rbc5 Nge7 32. Bxh6 Rxa5 33. R5c2 Ra3 34. Ke2 a5 35. Be3 Rd7 36. Ng5 Nd8 37. Rb1 Ka7 38. Nh7 Nec6 39. Nf6 Re7 40. f3 Ka6 41. g4 f4 42. Bf2 Nf7 43. g5 Nb4 44. Rd2 Rc3 1/2-1/2

[Event "Budapest FS04 FM-A"]
[Site "Budapest"]
[Date "2004.04.08"]
[Round "5"]
[White "Halldorsson, Jon Arni"]
[Black "Crickmore, Neil EG"]
[Result "1/2-1/2"]
[WhiteElo "2193"]
[BlackElo "2100"]
[PlyCount "38"]
[EventDate "2004.04.04"]
[EventType "tourn"]
[EventRounds "11"]
[EventCountry "HUN"]
[SourceTitle "CBM 099 Extra"]
[Source "ChessBase"]
[SourceDate "2004.05.04"]
[SourceVersion "1"]
[SourceVersionDate "2004.05.04"]
[SourceQuality "1"]

1. d4 Nf6 2. Nf3 g6 3. c4 Bg7 4. Nc3 d5 5. cxd5 Nxd5 6. e4 Nxc3 7. bxc3 0-0 8. Be3 c5 9. Qd2 Qa5 10. Rc1 cxd4 11. cxd4 Qxd2+ 12. Kxd2 Rd8 13. Ke1 b6 14. Bg5 Bg4 15. d5 f6 16. Be3 e5 17. Nd2 Bc8 18. Bc4 Bb7 19. Ke2 Bf8 1/2-1/2

[Event "Budapest FS04 FM-A"]
[Site "Budapest"]
[Date "2004.04.06"]
[Round "3"]
[White "Nagy, Laszlo"]
[Black "Crickmore, Neil EG"]
[Result "1/2-1/2"]
[WhiteElo "2142"]
[BlackElo "2100"]
[PlyCount "58"]
[EventDate "2004.04.04"]
[EventType "tourn"]
[EventRounds "11"]
[EventCountry "HUN"]
[SourceTitle "CBM 099 Extra"]
[Source "ChessBase"]
[SourceDate "2004.05.04"]
[SourceVersion "1"]
[SourceVersionDate "2004.05.04"]
[SourceQuality "1"]

1. e4 e6 2. Qe2 c5 3. Nf3 Nc6 4. c3 Nf6 5. d4 d6 6. g3 Be7 7. Bg2 cxd4 8. cxd4 0-0 9. 0-0 Bd7 10. Nc3 Rc8 11. h3 Re8 12. Be3 Na5 13. Nd2 Qc7 14. f4 Rf8 15. g4 Ne8 16. f5 Nc4 17. Nxc4 Qxc4 18. Qf2 d5 19. e5 f6 20. exf6 Nxf6 21. fxe6 Bxe6 22. Qg3 Bb4 23. Rfc1 Bxc3 24. Rxc3 Qb4 25. Rb3 Qe7 26. Qe5 Qd7 27. Rf1 Rfe8 28. Qg5 Ne4 29. Qh4 Rc2 1/2-1/2

[Event "Berlin Unicorn op"]
[Site "Berlin"]
[Date "2003.05.31"]
[Round "6"]
[White "Tomann, Daniel"]
[Black "Crickmore, Neil EG"]
[Result "0-1"]
[WhiteElo "2045"]
[BlackElo "2126"]
[PlyCount "103"]
[EventDate "2003.05.28"]
[EventType "swiss"]
[EventRounds "7"]
[EventCountry "GER"]
[SourceTitle "CBM 094 Extra"]
[Source "ChessBase"]
[SourceDate "2003.07.09"]
[SourceVersion "2"]
[SourceVersionDate "2003.07.09"]
[SourceQuality "1"]

1. Nf3 Nf6 2. g3 g6 3. Bg2 Bg7 4. 0-0 0-0 5. d4 d6 6. c4 c6 7. Nc3 Nbd7 8. Qc2 Qc7 9. Rd1 a6 10. a4 Re8 11. e4 e5 12. b3 exd4 13. Nxd4 Nc5 14. Bf4 Nh5 15. Be3 a5 16. Rd2 Be6 17. Rad1 Rad8 18. h3 Bc8 19. g4 Nf6 20. Bf4 Qb6 21. Be3 h6 22. f4 Bxg4 23. hxg4 Nxg4 24. Bf2 Nxf2 25. Rxf2 Nxe4 26. Nxe4 Bxd4 27. Qd2 Bxf2+ 28. Qxf2 Qxf2+ 29. Kxf2 Re6 30. Nc3 Rde8 31. Rd3 f5 32. Bf3 Kf7 33. Ne2 Kf6 34. Nd4 R6e7 35. Nc2 Re6 36. Nd4 R6e7 37. Nc2 Rd8 38. c5 Red7 39. Rc3 dxc5 40. Rxc5 Rd2+ 41. Be2 Re8 42. Ne3 h5 43. Kf3 h4 44. Bf1 h3 45. Nc4 h2 46. Bg2 Rd3+ 47. Kf2 Rxb3 48. Nxa5 Rb2+ 49. Kg3 Re3+ 50. Kxh2 Ree2 51. Nc4 Rxg2+ 52. Kh3 0-1

[Event "Olomouc op"]
[Site "Olomouc"]
[Date "2002.08.01"]
[Round "2"]
[White "Johansson, Jan"]
[Black "Crickmore, Neil EG"]
[Result "1-0"]
[WhiteElo "2401"]
[BlackElo "2099"]
[PlyCount "59"]
[EventDate "2002.07.31"]
[EventType "swiss"]
[EventRounds "9"]
[EventCountry "CZE"]
[SourceTitle "CBM 089 Extra"]
[Source "ChessBase"]
[SourceDate "2002.09.10"]
[SourceVersion "2"]
[SourceVersionDate "2002.09.10"]
[SourceQuality "1"]

1. d4 Nf6 2. c4 g6 3. Nc3 d5 4. e3 Bg7 5. b4 0-0 6. Bb2 b6 7. Qb3 c5 8. Nxd5 Nxd5 9. cxd5 Bb7 10. e4 e6 11. bxc5 exd5 12. e5 Nc6 13. cxb6 axb6 14. Nf3 Na5 15. Qd1 Qe7 16. Bd3 Nc4 17. Qb3 h5 18. 0-0 g5 19. Bc1 g4 20. Ng5 Rfc8 21. Bh7+ Kh8 22. Bb1 Nxe5 23. dxe5 Rxc1 24. Rxc1 Qxg5 25. Re1 Bxe5 26. Qxb6 Bxa1 27. Qxb7 Rf8 28. Qb4 Kg7 29. Bc2 d4 30. Rxa1 1-0

[Event "West of England op"]
[Site "Exmouth"]
[Date "2000.04.??"]
[Round "3"]
[White "Crickmore, Neil EG"]
[Black "Menadue, Jeremy FS"]
[Result "1/2-1/2"]
[WhiteElo "2099"]
[BlackElo "2209"]
[PlyCount "32"]
[EventDate "2000.04.??"]
[EventType "swiss"]
[EventRounds "7"]
[EventCountry "ENG"]
[SourceTitle "EXT 2007"]
[Source "ChessBase"]
[SourceDate "2006.11.23"]
[SourceVersion "1"]
[SourceVersionDate "2006.11.23"]
[SourceQuality "1"]

1. e4 Nf6 2. Nc3 d5 3. e5 Ne4 4. Nce2 d4 5. c3 dxc3 6. bxc3 Nc5 7. d4 Nca6 8. Nf4 e6 9. Nh5 c5 10. Qg4 Qa5 11. Bd2 Rg8 12. Nf3 Nd7 13. Bc4 Nc7 14. 0-0 b5 15. Bd3 Bb7 16. c4 Bxf3 1/2-1/2

[Event "West of England op"]
[Site "Exmouth"]
[Date "2000.04.??"]
[Round "4"]
[White "Simons, Martin J"]
[Black "Crickmore, Neil EG"]
[Result "1/2-1/2"]
[WhiteElo "2248"]
[BlackElo "2099"]
[PlyCount "34"]
[EventDate "2000.04.??"]
[EventType "swiss"]
[EventRounds "7"]
[EventCountry "ENG"]
[SourceTitle "EXT 2007"]
[Source "ChessBase"]
[SourceDate "2006.11.23"]
[SourceVersion "1"]
[SourceVersionDate "2006.11.23"]
[SourceQuality "1"]

1. d4 e6 2. e4 d5 3. Be3 dxe4 4. Nd2 Nf6 5. f3 Nd5 6. Qe2 Nc6 7. c3 Nxe3 8. Qxe3 Be7 9. Nxe4 0-0 10. f4 b6 11. Nf3 Bb7 12. Bd3 Nb8 13. 0-0 Nd7 14. Rae1 c5 15. Neg5 Bxg5 16. Nxg5 Nf6 17. dxc5 bxc5 1/2-1/2